「川」の付く市町村 - Statistiken

Allgemein
  • Dieses Quiz wurde 41 mal gespielt
  • Das Durchschnittsergebnis liegt bei 58 aus 110
Antwortstatistiken
都道府県 市町村 % Korrekt
埼玉県 川口市
89%
神奈川県 川崎市
89%
埼玉県 川越市
85%
北海道 旭川市
78%
兵庫県 川西市
70%
和歌山県 紀の川市
70%
福岡県 大川市
70%
北海道 滝川市
67%
北海道 砂川市
67%
北海道 上川町
67%
青森県 平川市
67%
宮城県 | 福岡県 川崎町
67%
千葉県 市川市
67%
東京都 荒川区
67%
東京都 江戸川区
67%
岐阜県 白川町
67%
岐阜県 東白川村
67%
和歌山県 有田川町
67%
徳島県 吉野川市
67%
鹿児島県 薩摩川内市
67%
北海道 深川市
63%
北海道 中川町
63%
青森県 五所川原市
63%
山形県 西川町
63%
埼玉県 小川町
63%
富山県 滑川市
63%
山梨県 富士川町
63%
岐阜県 白川村
63%
静岡県 掛川市
63%
愛知県 豊川市
63%
三重県 川越町
63%
京都府 木津川市
63%
和歌山県 日高川町
63%
奈良県 | 山形県 川西町
59%
福島県 須賀川市
59%
埼玉県 吉川市
59%
東京都 立川市
59%
神奈川県 愛川町
59%
新潟県 糸魚川市
59%
石川県 川北町
59%
長野県 松川町
59%
静岡県 菊川市
59%
兵庫県 猪名川町
59%
福岡県 田川市
59%
北海道 下川町
56%
山形県 真室川町
56%
東京都 品川区
56%
奈良県 | 長野県 川上村
56%
長野県 松川村
56%
奈良県 天川村
56%
奈良県 十津川村
56%
福岡県 柳川市
56%
福岡県 那珂川市
56%
北海道 新十津川町
52%
北海道 東川町
52%
山形県 三川町
52%
福島県 石川町
52%
茨城県 桜川市
52%
岐阜県 中津川市
52%
岐阜県 揖斐川町
52%
大阪府 寝屋川市
52%
兵庫県 加古川市
52%
奈良県 野迫川村
52%
和歌山県 古座川町
52%
高知県 北川村
52%
秋田県 井川町
48%
栃木県 那珂川町
48%
埼玉県 神川町
48%
山梨県 早川町
48%
長野県 小川村
48%
静岡県 川根本町
48%
兵庫県 市川町
48%
高知県 仁淀川町
48%
山形県 鮭川村
44%
栃木県 上三川町
44%
群馬県 渋川市
44%
埼玉県 桶川市
44%
埼玉県 川島町
44%
島根県 川本町
44%
高知県 大川村
44%
宮崎県 川南町
44%
北海道 上砂川町
41%
福島県 鮫川村
41%
福島県 川内村
41%
千葉県 鴨川市
41%
山梨県 市川三郷町
41%
長野県 中川村
41%
北海道 赤井川村
37%
福島県 川俣町
37%
福島県 浅川町
37%
神奈川県 寒川町
37%
和歌山県 | 福岡県 広川町
37%
長崎県 川棚町
37%
宮城県 女川町
33%
群馬県 川場村
33%
埼玉県 滑川町
33%
神奈川県 清川村
33%
岐阜県 川辺町
33%
熊本県 氷川町
33%
福島県 湯川村
30%
新潟県 関川村
30%
香川県 綾川町
30%
高知県 佐川町
30%
福岡県 桂川町
30%
宮崎県 門川町
30%
福島県 玉川村
22%
Keine übereinstimmenden Quizze gefunden
Verteilung der Resultate
Anzahl Personen mit jedem Resultat
Perzentil nach korrekt beantworteten Fragen
Ihre Resultats-Entwicklung
Sie haben dieses Quiz noch nicht gespielt